Gospodarze Mistrzostw Świata w piłce nożnej - Statystyki

Ogólne statystyki
  • Ten quiz został rozwiązany 297 razy
    207 od ostatniego zresetowania
  • Średni wynik to 14 z 22
Statystyki odpowiedzi
Rok Gospodarz % Poprawnych
1930 Urugwaj
92%
2022 Katar
88%
2018 Rosja
86%
2014 Brazylia
83%
2010 Republika Południowej Afryki
82%
2002 Japonia | Korea Południowa
74%
2006 Niemcy
74%
1998 Francja
70%
1934 Włochy
68%
1994 Stany Zjednoczone
63%
1950 Brazylia
59%
1966 Anglia
57%
1974 Niemcy
57%
1986 Meksyk
56%
1990 Włochy
56%
1982 Hiszpania
54%
1978 Argentyna
53%
1938 Francja
53%
1958 Szwecja
48%
1970 Meksyk
47%
1954 Szwajcaria
42%
1962 Chile
33%
Nie znaleziono quizów pasujących do podanych kryteriów
Rozkład punktacji
Procent ludzi z każdym wynikiem
Percentyl według liczby udzielonych odpowiedzi
Twoja historia wyników
Nie rozwiązałeś tego quizu od ostatniego zresetowania